El Exodo femenino en el campo /

保存先:
書誌詳細
第一著者: Elton, Charlotte
フォーマット: テキスト
主題:
タグ: タグ追加
タグなし, このレコードへの初めてのタグを付けませんか!

MARC

LEADER 00000 a a2200000 04500
001 5052
003
040
100 |a Elton, Charlotte  
245 |a El Exodo femenino en el campo /  |c Charlotte Elton 
650 |a MUJERES RURALES  
650 |a MIGRACION RURAL   |z -URBANA  
773 |g número 65; páginas 28-30  
999 |c 20298  |d 20298